• 首页
  • 本馆介绍
  • 公告通知
  • 最新文献
  • 馆藏检索
  • 电子资源
  • 读者导购
  • 参考咨询
  • 我的图书馆
  • 登录
  • 详细信息显示
  • 放入我的书架
  • 预约/预借图书
  • 作者相关作品
  • 分类相关作品
  • 丛书相关作品
  • 出版社相关作品

书目信息

  • 表格格式
  • 工作单格式
  • 卡片格式
题名:
国产柴油机使用手册
    
 
作者: 本社编
分册:  
出版信息: 北京   石油工业出版社  1959.07
页数: 113页
开本: 20cm
丛书名:
单 册:
中图分类: U464.172
科图分类:
主题词: 汽车工程
电子资源:
ISBN:
000 00495nam0 2200181 450
001 0630699578
005 20061127083307.53
010    @dCNY0.48
100    @a20061127d1959 km y0chiy0120 ea
101 0  @achi
102    @aCN@b110000
200 1  @a国产柴油机使用手册@Aguo chan chai you ji shi yong shou ce@f本社编@Fben she bian
210    @a北京@c石油工业出版社@d1959.07
215    @a113页@d20cm
606 0  @a汽车工程
690    @aU464.172@v3
801  0 @aCN@bPFT@c20061127
905    @a10447@dU464.172@e1
    
    国产柴油机使用手册/本社编.-北京:石油工业出版社,1959.07
    113页;20cm
    
    
    ISBN :CNY0.48
    
●
相关链接 在E读中查询图书 在五车中查询图书 在当当中查询图书 在豆瓣中查询图书


正题名:国产柴油机使用手册     索取号:U464.172/1         预约/预借

序号 登录号 条形码 馆藏地/架位号 状态 备注
1 0017940   001483594   第二样本阅览室/ [索取号:U464.172/1] 在馆    
唐山师范学院图书馆 欢迎您!
大连网信软件有限公司© 版权所有